Statistiques concernant Bekar - Plus fort que l'orage (+ Plus Fort.)

Cliquez ici pour prendre le quiz!

Statistiques générales

  • Ce quiz a été pris 48 fois
    (2 depuis la dernière actualisation)
  • Le résultat moyen est 19 sur 30

Statistiques - réponses

MusiqueFeat.% Correct
A minuit/
100%
Effet merZinée
100%
Entre 4 murs/
100%
fichier/tnf.mp3Konga / Sto / SIMA / Sreen
100%
FinalementSDM
100%
FisheyePLK
100%
Il existe un endroitBlandine
100%
Noir Gotham/
100%
Pièces Détachées/
100%
Plus fort/
100%
Razorlight/
100%
Triste/
100%
2000's/
50%
Au-dessus d'un Airbus/
50%
Coloris/
50%
Eric Koston/
50%
Hoodie/
50%
Les secondes.../
50%
Papillon/
50%
Quelqu'un/
50%
Robotisé/
50%
S line/
50%
Tout s'éteint/
50%
Traverse la ville/
50%
Unique/
50%
Vide sentimentalMyth Syzer
50%
5.9.3Lesram
0%
Brûle dans le silence/
0%
Sans la pluie/
0%
Skit Interstellar/
0%

Distribution des résultats

Percentile par nombre de réponses

% des personnes avec chaque résultat

Votre développement - résultats

Vous n’avez pas pris ce quiz depuis la dernière actualisation